| 000 | 00895nam a2200217 a 4500 | ||
|---|---|---|---|
| 003 | OSt | ||
| 005 | 20201002060812.0 | ||
| 008 | 181003s2007 000 spa d | ||
| 020 | _a9789589806739 | ||
| 040 |
_aDO-SdBNP _bspa _cBNPHU |
||
| 110 | 1 |
_aColombia. _bMinisterio de la Proteccion Social. _976623 |
|
| 245 | 0 | 0 |
_aGuía de atención integral basada en la evidencia para neumoconiosis (silicosis, neumoconiosis del minero de carbón y asbestosis) / _cpresentación Ana María Cabrera Videla. |
| 260 |
_aBogotá : _b Pontificia Universidad Javeriana, _c2007. |
||
| 300 |
_a120 p. : _bil. ; _c27 cm. |
||
| 490 | 1 |
_aGuía de Atención Integral de Salud Ocupacional _v5 |
|
| 504 | _aBibliografía : p. 101-107 | ||
| 700 | 1 |
_aAna María Cabrera Videla, _epresentación _976624 |
|
| 830 |
_aGuía de Atención Integral de Salud Ocupacional ; 5 _976625 |
||
| 942 |
_2ddc _cLF1 |
||
| 956 | _aLOPEREZ | ||
| 999 |
_c47391 _d47391 |
||